عرض عادي
عرض مارك
- Landesberg, Joseph M.
مدخل إسم شخص
001 - رقم الضبط
- حقل الضبط: 36449
003 - معرف رقم الضبط
- حقل الضبط: OSt
005 - تاريخ ووقت أخر عملية
- حقل الضبط: 20130805114739.0
008 - عناصر بيانات ثابتة الطول
- حقل تحكم ثابت الطول: 130805|||a|||||| | ||| d
040 ## - مصدر الفهرسة
- هيئة الفهرسة الأصلية: OSt
- وكالة الكتابة: OSt
100 ## - مدخل -- أسم شخص
- إسم شخص: Landesberg, Joseph M.
- الشكل الكامل للاسم: (Joseph Marvin)
670 ## - بيانات المصدر موجوده
- الاستشهاد بالمصدر: Work cat.: (OSt)0: Bettelheim, Frederick A., 1923- 36448, Laborator experiments for general, organic, and biochemistry /, 2007.
